កុំមាត់ ( 3 ) / (Record no. 10159)
[ view plain ]
| 000 -LEADER | |
|---|---|
| fixed length control field | 02001nam a22002537a 4500 |
| 001 - CONTROL NUMBER | |
| control field | 10159 |
| 003 - CONTROL NUMBER IDENTIFIER | |
| control field | FISKH |
| 005 - DATE AND TIME OF LATEST TRANSACTION | |
| control field | 20260428153629.0 |
| 008 - FIXED-LENGTH DATA ELEMENTS--GENERAL INFORMATION | |
| fixed length control field | 260428b cb ||||| |||| 00| 0 eng d |
| 020 ## - INTERNATIONAL STANDARD BOOK NUMBER | |
| International Standard Book Number | 9789924342137 |
| 040 ## - CATALOGING SOURCE | |
| Original cataloging agency | FISKH |
| Language of cataloging | khr |
| Transcribing agency | FISKH |
| Modifying agency | FISKH |
| 082 ## - DEWEY DECIMAL CLASSIFICATION NUMBER | |
| Classification number | 895.932 |
| 100 ## - MAIN ENTRY--PERSONAL NAME | |
| Personal name | Vorniere , Yoann |
| 245 ## - TITLE STATEMENT | |
| Title | កុំមាត់ ( 3 ) / |
| Statement of responsibility, etc. | By Yoann Vorniere |
| 260 ## - PUBLICATION, DISTRIBUTION, ETC. | |
| Place of publication, distribution, etc. | Phom Penh : |
| Name of publisher, distributor, etc. | Sipar , |
| Date of publication, distribution, etc. | 2024 . |
| 300 ## - PHYSICAL DESCRIPTION | |
| Extent | 194 unnumbered pages : |
| Other physical details | illustrations ; |
| Dimensions | 18 cm . |
| 490 ## - SERIES STATEMENT | |
| Series statement | Khmer Manga |
| Volume/sequential designation | 3 |
| 520 ## - SUMMARY, ETC. | |
| Summary, etc. | ការប្រហាររបស់បិសាចរោមវែងធ្វើអោយវុធនិងមិត្តៗគេបែកគ្នា ។ ក្រោយការប្រយុទ្ធយ៉ាងស្វិតស្វាញ អូសែលនិងអ្នកភូមិជ្រលងចចកអាចទៅដល់ភ្នំជើងក្អែក ។ តែប្រជាជននៅទីនោះខ្លះដូចជាមិនសូវមើលទៅអ្នកថ្មិនោះក្នុងផ្លូវល្អសោះ ......ក្នុងពេលជាមួយគ្នានេះដែរវុធនិងចន្ទព្យាយាមទៅភ្នំជើងក្អែកដោយថ្មើរជើង ជាមួយកុមារមែល ដែលគេក៏បែកគ្នាពីក្រុមគេដែរ ។ |
| 520 ## - SUMMARY, ETC. | |
| Summary, etc. | The attack of the long-haired monster caused Vuth and his friends to become separated. After a fierce battle, Osel and the villagers of the Wolf Valley managed to reach Crow Foot Mountain. However, some of the people there did not seem to view the newcomers in a positive way.<br/>At the same time, Vuth and Chan try to make their way on foot to Crow Foot Mountain, together with the child Mel, who has also been separated from his group. |
| 650 ## - SUBJECT ADDED ENTRY--TOPICAL TERM | |
| Topical term or geographic name entry element | កុំមាត់ |
| 650 ## - SUBJECT ADDED ENTRY--TOPICAL TERM | |
| Topical term or geographic name entry element | Silence |
| 942 ## - ADDED ENTRY ELEMENTS (KOHA) | |
| Source of classification or shelving scheme | Dewey Decimal Classification |
| Koha item type | Khmer Books |
| Suppress in OPAC | No |
| Withdrawn status | Lost status | Source of classification or shelving scheme | Damaged status | Not for loan | Collection | Home library | Current library | Shelving location | Date acquired | Total Checkouts | Full call number | Barcode | Date last seen | Price effective from | Koha item type |
|---|---|---|---|---|---|---|---|---|---|---|---|---|---|---|---|
| Dewey Decimal Classification | Khmer Language Books / សៀវភៅភាសាខ្មែរ | Footprints International School Library Network Toul Tom Poung Campus | Footprints International School Library Network Toul Tom Poung Campus | TTP Secondary Khmer Bookshelves | 04/28/2026 | VOR 895.932 | 2026-0551 | 04/28/2026 | 04/28/2026 | Khmer Books |
